000 00404nam a2200145Ia 4500
008 191206s9999 xx 000 0 und d
020 _a393966658
090 _aPN6014B27
245 4 _aThe Norton introduction to literature
250 _a3rd ed.
260 _aNorton
260 _ccc1995
300 _a"xxxi, 2165, A61 p. ; 25 cm."
999 _c17113
_d17113